000 00774cam a22002531 4500
001 76661
003 BD-RjUL
005 20211209082853.0
008 191230s1923 enk 001 0 eng
035 _a(BD-RjUL)76885
040 _aDLC
_cOAU
_dOCoLC
_dDLC
_dBD-RjUL
_beng
041 _aeng
082 _a821.20822
_bREL 1923
_219
245 1 0 _aReligious lyrics of the XIVth century /
_cedited by Carleton Brown.
260 _aOxford :
_bThe Clarendon Press,
_c1923.
300 _axxii, 358 p., ;
_c20 cm.
504 _aIncludes index.
650 0 _aEnglish poetry
_yMiddle English, 1100-1500.
_951255
650 0 _aReligious poetry, English.
_955374
700 _aBrown, Carleton
_d1869-1941,
_9237209
942 _2ddc
_cBK
999 _c76661
_d76661